Letting in the future (Record no. 105831)

MARC details
000 -LEADER
fixed length control field 00979cam a2200205 4500
001 - CONTROL NUMBER
control field ##L134883
008 - FIXED-LENGTH DATA ELEMENTS--GENERAL INFORMATION
fixed length control field 060908n2006 000 0 eng u
035 ## - SYSTEM CONTROL NUMBER
System control number (Sirsi) u134883
041 0# - LANGUAGE CODE
Language code of text/sound track or separate title eng
050 04 - LIBRARY OF CONGRESS CALL NUMBER
Classification number 306.1 $2 18
110 2# - MAIN ENTRY--CORPORATE NAME
Corporate name or jurisdiction name as entry element British Property Federation
9 (RLIN) 1604
245 00 - TITLE STATEMENT
Title Letting in the future
Remainder of title housing manifesto 2006
260 ## - PUBLICATION, DISTRIBUTION, ETC.
Place of publication, distribution, etc. London
Name of publisher, distributor, etc. BPF
Date of publication, distribution, etc. 2006
520 ## - SUMMARY, ETC.
Summary, etc. Outlines the role that the private rented sector could play in increasing the provision of new homes, especially for sectors of the market not favoured by traditional housebuilders such as affordable and key worker housing. Discusses measures which the government could take to increase the attractiveness of the private rented sector to commercial companies.
590 ## - LOCAL NOTE (RLIN)
Local note IKA190906 NTK
651 #4 - SUBJECT ADDED ENTRY--GEOGRAPHIC NAME
Geographic name United Kingdom
Chronological subdivision
690 ## - LOCAL SUBJECT ADDED ENTRY--TOPICAL TERM (OCLC, RLIN)
Topical term or geographic name as entry element PROPERTY-RESIDENTIAL PROPERTY-RESIDENTIAL PROPERTY MARKET
856 40 - ELECTRONIC LOCATION AND ACCESS
Uniform Resource Identifier <a href="https://www.bpf.org.uk">https://www.bpf.org.uk</a>
Public note View the item free of charge at www.bpf.org.uk...
942 ## - ADDED ENTRY ELEMENTS (KOHA)
Suppress in OPAC 0
Holdings
Withdrawn status Lost status Source of classification or shelving scheme Damaged status Not for loan Home library Current library Shelving location Date acquired Total Checkouts Full call number Barcode Date last seen Copy number Price effective from Koha item type
    Dewey Decimal Classification     Virtual Virtual Online 08/09/2006   ONLINE PUBLICATION 134883-1001 06/08/2019 1 06/08/2019 Book